[Event "Valera FVA 82nd Anniv"]
[Site "Valera"]
[Date "2017.12.14"]
[Round "4"]
[White "Zavala, Orlan"]
[Black "Rojas Molina, Jesus Ricardo"]
[Result "1/2-1/2"]
[WhiteElo "1953"]
[BlackElo "1820"]
[PlyCount "56"]
[EventDate "2017.12.13"]
[EventType "swiss"]
[EventRounds "7"]
[EventCountry "VEN"]
[SourceTitle "CBM 182 Extra"]
[Source "ChessBase"]
[SourceDate "2018.02.23"]
[SourceVersion "1"]
[SourceVersionDate "2018.02.23"]
[SourceQuality "1"]

1. e4 d5 2. exd5 Qxd5 3. d4 Nc6 4. Nf3 Bg4 5. Be2 0-0-0 6. c3 e5 7. dxe5 Qxd1+ 8. Bxd1 Nxe5 9. 0-0 Nxf3+ 10. Bxf3 Bxf3 11. gxf3 Rd3 12. Be3 Nf6 13. Nd2 Nd5 14. Nc4 Nxe3 15. Nxe3 Bc5 16. Rad1 Rhd8 17. Rxd3 Rxd3 18. Rd1 Rxd1+ 19. Nxd1 Kd7 20. Kg2 Ke6 21. f4 Kf5 22. Kf3 Ke6 23. Ne3 f5 24. b4 Bxe3 25. Kxe3 Kd5 26. Kd3 b5 27. f3 h6 28. h4 h5 1/2-1/2